| 000 | 00493nam a2200193Ia 4500 | ||
|---|---|---|---|
| 003 | OSt | ||
| 005 | 20240305153050.0 | ||
| 008 | 210210b1983 xxu||||| |||| 00| 0 eng d | ||
| 040 | _cAL | ||
| 041 | _aEnglish | ||
| 082 | _a320 WADS | ||
| 100 |
_aWADHWANI (M A) and Others. _9153042 |
||
| 245 | _aSecond course in political science. II PUC | ||
| 260 |
_aBangalore _bSheth Publishers _c1983 |
||
| 300 | _aviii,229 | ||
| 690 |
_aPolitical Theory _9153043 |
||
| 906 | _a037893 | ||
| 942 |
_2ddc _cBK |
||
| 999 |
_c88095 _d88095 |
||